Matemática : cuarto año /

Guardado en:
Autor Principal: Médici, Héctor J
Formato: Libro
Publicado: Buenos Aires : Librería del colegio, 1962
Materias:
Etiquetas: Agregar Etiqueta
Sin Etiquetas, Sea el primero en etiquetar este registro!
LEADER 01038nam a22002535a 4500
001 CEM.cems004589
005 20060217000000.0
008 130507s1962##################000#0#####d
003 CEMS
082 0 4 |a 510 
100 1 |a Médici, Héctor J 
245 1 0 |a Matemática :  |b cuarto año / 
260 |a Buenos Aires :  |b Librería del colegio,  |c 1962 
300 |a 182 p. 
653 |a Matematica 
859 |a CEMS  |b BIB. CEMS - 11 de abril  |h 510  |i M468/IV  |p 1277.73  |t Ej.1 
859 |a CEMS  |b BIB. CEMS - 11 de abril  |h 510  |i M468/IV  |p 1278.73  |t Ej.3 
859 |a CEMS  |b BIB. CEMS - 11 de abril  |h 510  |i M468/IV  |p 1279.73  |t Ej.4 
859 |a CEMS  |b BIB. CEMS - 11 de abril  |h 510  |i M468/IV  |p 1280.73  |t Ej.5 
859 |a CEMS  |b BIB. CEMS - 11 de abril  |h 510  |i M468/IV  |p 1281.73  |t Ej.6 
859 |a CEMS  |b BIB. CEMS - 11 de abril  |h 510  |i M468/IV  |p 1678.74  |t Ej.8 
859 |a CEMS  |b BIB. CEMS - 11 de abril  |h 510  |i M468/IV  |p 1680.74  |t Ej.7 
859 |a CEMS  |b BIB. CEMS - 11 de abril  |h 510  |i M468/IV  |p 3651.75  |t Ej.9 
859 |a CEMS  |b BIB. CEMS - 11 de abril  |h 510  |i M468/IV  |p 9231.81  |t Ej.2